000 00707cam a2200229 4500
001 ##L136541
008 060223n2007 000 0 eng u
022 1 _a0260-6216
035 _a(Sirsi) u136541
041 0 _aeng
050 0 4 _a692.5 $2 18
110 2 _aBuilding Cost Information Service
_91096
245 0 0 _aBCIS quarterly review of building prices
_bissue 104-107 (Jan 2007 - Oct 2007)
260 _aLondon
_bBCIS
_c2007
300 _a39p
_c30cm.
350 _a150
650 2 4 _aBUILT ENVIRONMENT-BUILDING COSTS
650 2 4 _aQUARTERLY REVIEW OF BUILDING PRICES
650 2 4 _aBUILT ENVIRONMENT-BUILDING COSTS-REINSTATEMENT COSTS
690 _aBUILT ENVIRONMENT-BUILDING COSTS
942 _n0
999 _c106420
_d106420